000 00258nam a2200109Ia 4500
008 220204s9999 xx 000 0 und d
082 _a917.47
_bHER
100 _aHermann, Bernard
245 0 _aNew York
260 _aTahiti
_bHarry N Abrams
_c1977
942 _cBK
999 _c35395
_d35395